Flora forestal española (Record no. 156898)

MARC details
000 -LEADER
campo de control de longitud fija 00766nam a2200169 i 4500
001 - NÚMERO DE CONTROL
campo de control 156898
003 - IDENTIFICADOR DE NÚMERO DE CONTROL
campo de control ES-MaACL
005 - FECHA Y HORA DE LA ÚLTIMA TRANSACCIÓN
campo de control 20240424063057.0
008 - DATOS DE LONGITUD FIJA--INFORMACIÓN GENERAL
campo de control de longitud fija 931025s1875 sp |||| | spa d
100 1# - ENTRADA PRINCIPAL--NOMBRE DE PERSONA
Nombre de persona Laguna, Máximo,
Fechas asociadas al nombre 1826-1902
9 (RLIN) 69621
245 10 - MENCIÓN DEL TÍTULO
Título Flora forestal española
Resto del título : que comprende la descripción de los árboles, arbustos y matas que se crian silvestres ó asilvestradas en España... /
Mención de responsabilidad, etc. escrita... por Máximo Laguna ; con la colaboración de Pedro de Avila.
260 ## - PUBLICACIÓN, DISTRIBUCIÓN, ETC.
Lugar de publicación, distribución, etc. Madrid :
Nombre del editor, distribuidor, etc. [s.n.],
Fecha de publicación, distribución, etc. 1875 (
Fabricante Imp. de los señores Rojas)
300 ## - DESCRIPCIÓN FÍSICA
Extensión 120 p. ;
Dimensiones 23 cm.
700 0# - ENTRADA AGREGADA--NOMBRE PERSONAL
Nombre de persona Avila, Pedro de.
9 (RLIN) 24050
852 ## - LOCALIZACIÓN
Ubicación ES-MaACL
Número de control de estantería T-356-F-19
Nota libre -- Enc. hol., falto de la cub. original
-- -- Enc. en un vol. facticio
Holdings
Estatus retirado Estado de pérdida Estado de daño No para préstamo Colección Biblioteca de origen Biblioteca actual Ubicación en estantería Fecha de adquisición Total de préstamos Signatura topográfica completa Código de barras Visto por última vez Precio de reemplazo Tipo de ítem Koha
        Colección de folletos Biblioteca del Ateneo de Madrid Biblioteca del Ateneo de Madrid Depósito folletos 17/01/2008   T-356-F-19 1164157 23/02/2023 23/02/2023 Folleto